The Breeding Of Forms Animal (Record no. 92222)

MARC details
000 -LEADER
fixed length control field 00296pam a2200133 a 4500
020 ## - INTERNATIONAL STANDARD BOOK NUMBER
Terms of availability
041 ## - LANGUAGE CODE
Language code of text/sound track or separate title eng
082 ## - DEWEY DECIMAL CLASSIFICATION NUMBER
Classification number 591
Item number PIN
100 ## - MAIN ENTRY--PERSONAL NAME
Personal name Pincher.C.
245 ## - TITLE STATEMENT
Title The Breeding Of Forms Animal
Medium Textual Documents
260 ## - PUBLICATION, DISTRIBUTION, ETC.
Place of publication, distribution, etc. New York
Name of publisher, distributor, etc. Penguin Books Ltd
300 ## - PHYSICAL DESCRIPTION
Extent 149p.
930 ## - EQUIVALENCE OR CROSS-REFERENCE-UNIFORM TITLE HEADING [LOCAL, CANADA]
Uniform title 15322
Holdings
Withdrawn status Lost status Damaged status Not for loan Collection Home library Current library Date acquired Source of acquisition Total Checkouts Full call number Barcode Date last seen Copy number Price effective from Koha item type
          Yashwantrao Mohite College of Arts, Science And Commerce, Pune Yashwantrao Mohite College of Arts, Science And Commerce, Pune 11/07/2021   591 PIN YMP-90517 24/02/2023 1 24/02/2023 Book